| 000 | 00938nam a2200289 i 4500 | ||
|---|---|---|---|
| 999 |
_c200443594 _d61806 |
||
| 003 | TR-AnTOB | ||
| 005 | 20230127135916.0 | ||
| 007 | ta | ||
| 008 | 230127b1983 tu a | 000 0 tur d | ||
| 040 |
_aTR-AnTOB _beng _erda _cTR-AnTOB |
||
| 041 | 0 |
_atur _beng |
|
| 050 | 4 |
_aSB121 _b.Ö53 1983 |
|
| 090 |
_aSB121 _b.Ö53 1983 |
||
| 100 | 1 |
_aÖnal, İsmet _eauthor _9132618 |
|
| 245 | 1 | 0 |
_aYuvaya ekim tekniği üzerinde bir araştırma / _cDoç. Dr. İsmet Önal. |
| 264 | 1 |
_aİzmir : _bTürkiye Zirai Donatım Kurumu, _c1983. |
|
| 300 |
_a48 pages : _billustrations ; _c24 cm |
||
| 336 |
_btxt _2rdacontent _atext |
||
| 337 |
_2rdamedia _aunmediated _bn |
||
| 338 |
_avolume _bnc _2rdacarrier |
||
| 490 | 0 |
_aTürkiye Zirai Donatım Kurumu Mesleki Yayınları ; _vyayın No: 28 |
|
| 504 | _aBIB | ||
| 650 | 7 |
_aEkim _xDonanım ve gereçler _2etuturkob _9140410 |
|
| 942 |
_2lcc _cBK |
||